[Event "Heart of Finland op 27th"]
[Site "Jyvaskyla"]
[Date "2017.07.17"]
[Round "1"]
[White "Sysolyatin, Evgeny Valerievich"]
[Black "Ponnio, Toni"]
[Result "1-0"]
[WhiteElo "2289"]
[BlackElo "2109"]
[PlyCount "65"]
[EventDate "2017.07.17"]
[EventType "swiss"]
[EventRounds "9"]
[EventCountry "FIN"]
[SourceTitle "CBM 179 Extra"]
[Source "ChessBase"]
[SourceDate "2017.08.23"]
[SourceVersion "1"]
[SourceVersionDate "2017.08.23"]
[SourceQuality "1"]

1. e4 c5 2. Nf3 g6 3. g3 Bg7 4. Bg2 Nc6 5. 0-0 e5 6. c3 Nge7 7. b4 cxb4 8. cxb4 d5 9. Nc3 dxe4 10. Nxe4 f5 11. Nc3 0-0 12. b5 Nd4 13. Nxd4 exd4 14. Qb3+ Kh8 15. Ne2 d3 16. Nc3 f4 17. Ba3 f3 18. Rfe1 Nf5 19. Bxf8 Qxf8 20. Bf1 Nd4 21. Qd5 Ne2+ 22. Bxe2 dxe2 23. Rac1 Bh3 24. Ne4 Rd8 25. Qxb7 Qf5 26. Qe7 Rf8 27. Rc7 Qe5 28. Rxa7 Qxe7 29. Rxe7 Bd4 30. Ng5 Bf6 31. Rf7 Bxg5 32. Rxf8+ Kg7 33. Rxf3 1-0

[Event "FIN-chT 1617"]
[Site "Finland"]
[Date "2017.03.12"]
[Round "11.4"]
[White "Ponnio, Toni"]
[Black "Paakkonen, Timo"]
[Result "1/2-1/2"]
[WhiteElo "2064"]
[BlackElo "2259"]
[PlyCount "61"]
[EventDate "2016.09.17"]
[EventType "team-tourn"]
[EventRounds "11"]
[EventCountry "FIN"]
[SourceTitle "EXT 2018"]
[Source "ChessBase"]
[SourceDate "2017.10.13"]
[SourceVersion "1"]
[SourceVersionDate "2017.10.13"]
[SourceQuality "1"]
[WhiteTeam "Helsinki Garde"]
[BlackTeam "Helsinki Velhot"]
[WhiteTeamCountry "FIN"]
[BlackTeamCountry "FIN"]

1. d4 Nf6 2. Bf4 e6 3. Nf3 c5 4. e3 Be7 5. h3 0-0 6. Nbd2 d5 7. c3 Nc6 8. Bd3 Qb6 9. Rb1 Rd8 10. 0-0 Bd7 11. Ne5 Be8 12. Bg5 h6 13. Bh4 Kf8 14. f4 Nd7 15. Bxe7+ Nxe7 16. Qf3 f6 17. Nxd7+ Bxd7 18. Kh1 Bb5 19. dxc5 Qxc5 20. Nb3 Qb6 21. Bxb5 Qxb5 22. Nd4 Qd7 23. e4 Nc6 24. e5 Nxd4 25. cxd4 fxe5 26. fxe5+ Kg8 27. Qg4 Kh7 28. Qf3 Kg8 29. Qg4 Kh7 30. Qf3 Kg8 31. Qg4 1/2-1/2

[Event "FIN-chT 1617"]
[Site "Finland"]
[Date "2017.02.04"]
[Round "7.4"]
[White "Nivala, Tuomas"]
[Black "Ponnio, Toni"]
[Result "1-0"]
[WhiteElo "2255"]
[BlackElo "2064"]
[PlyCount "69"]
[EventDate "2016.09.17"]
[EventType "team-tourn"]
[EventRounds "11"]
[EventCountry "FIN"]
[SourceTitle "EXT 2022"]
[Source "ChessBase"]
[SourceDate "2021.10.06"]
[SourceVersion "1"]
[SourceVersionDate "2021.10.06"]
[SourceQuality "1"]
[WhiteTeam "Jyvaskyla JyS"]
[BlackTeam "Helsinki Garde"]
[WhiteTeamCountry "FIN"]
[BlackTeamCountry "FIN"]

1. e4 e5 2. Nc3 Nf6 3. Bc4 Nc6 4. d3 Na5 5. Qf3 c6 6. Nge2 Nxc4 7. dxc4 d6 8. h3 Be6 9. b3 Be7 10. 0-0 0-0 11. Rd1 Qc7 12. Ng3 a6 13. Nf5 Bxf5 14. Qxf5 b5 15. Bg5 bxc4 16. bxc4 Rab8 17. Rab1 a5 18. Qf3 Rb4 19. Qd3 Rfb8 20. a3 Rxb1 21. Nxb1 h6 22. Bh4 Nh5 23. Bxe7 Qxe7 24. Nc3 Nf4 25. Qxd6 Qxd6 26. Rxd6 Rb2 27. Rxc6 Rxc2 28. Nd5 Ne2+ 29. Kh2 Nc1 30. Rc8+ Kh7 31. c5 Nd3 32. c6 Nf4 33. c7 Ne6 34. Ra8 Nxc7 35. Rc8 1-0

[Event "Helsinki Mestaruus M 2017"]
[Site "Helsinki"]
[Date "2017.01.02"]
[Round "6"]
[White "Ponnio, Toni"]
[Black "Kauppala, Pekka"]
[Result "1-0"]
[WhiteElo "2052"]
[BlackElo "2049"]
[PlyCount "71"]
[EventDate "2016.12.27"]
[EventType "tourn"]
[EventRounds "9"]
[EventCountry "FIN"]
[SourceTitle "EXT 2022"]
[Source "ChessBase"]
[SourceDate "2021.10.06"]
[SourceVersion "1"]
[SourceVersionDate "2021.10.06"]
[SourceQuality "1"]

1. d4 g6 2. e4 Bg7 3. Nc3 a6 4. Be3 d6 5. Nf3 Nf6 6. Bd3 0-0 7. Qd2 Re8 8. 0-0-0 b5 9. e5 b4 10. Ne4 Ng4 11. Bf4 dxe5 12. dxe5 Qd5 13. Qxb4 Nc6 14. Qa4 Be6 15. c4 Qa5 16. Qxa5 Nxa5 17. h3 Nh6 18. b3 Nc6 19. Nc5 Bf5 20. Bxf5 Nxf5 21. g4 Nh6 22. Rhe1 e6 23. Ne4 Red8 24. Bg5 Rxd1+ 25. Rxd1 Rc8 26. Nf6+ Kh8 27. Rd7 Nb8 28. Re7 Bf8 29. Re8 Rxe8 30. Nxe8 c6 31. Bf6+ Kg8 32. Kc2 Nd7 33. Bg5 Bg7 34. Nf6+ Nxf6 35. exf6 Bf8 36. Ne5 1-0